Normal view
MARC view
- كمبيوتر -- قواميس
Entry Topical Term
001 - CONTROL NUMBER
- control field: 30021
003 - CONTROL NUMBER IDENTIFIER
- control field: JO-AjAnu
005 - DATE AND TIME OF LATEST TRANSACTION
- control field: 20230606075053.0
008 - FIXED-LENGTH DATA ELEMENTS
- fixed length control field: 230606|| aca||aabn | a|a d
040 ## - CATALOGING SOURCE
- Original cataloging agency: JO-AjAnu
- Transcribing agency: JO-AjAnu
150 ## - HEADING--TOPICAL TERM
- Topical term or geographic name entry element: كمبيوتر -- قواميس
670 ## - SOURCE DATA FOUND
- Source citation: Work cat.: (JO-AjAnu)15418: تأليف كوانتن، ر.د ؛ ترجمة / أنطوان بطرس ، تدقيق وضبط / جورج متري عبد المسيح, author 30020, قاموس الكمبيوتر المصور مع دليل مواقع المصطلحات ومسردين عربي - إنكليزي - إنكليزي - عربي